चयनित हिंदी निबंध / (Record no. 39623)

MARC details
000 -LEADER
fixed length control field 01114nam a22002657a 4500
005 - DATE AND TIME OF LATEST TRANSACTION
control field 20100806110053.0
010 ## - LCCN (DPL NO)
LC control number HIN-90014
020 ## - INTERNATIONAL STANDARD BOOK NUMBER
Terms of availability 150.00
International Standard Book Number 81875420603
035 ## - SYSTEM CONTROL NUMBER
System control number HN-62360
037 ## - SOURCE OF ACQUISITION
Source of stock number/acquisition DBAD / PUB
082 ## - DEWEY DECIMAL CLASSIFICATION NUMBER
Classification number 808.84
100 ## - MAIN ENTRY--PERSONAL NAME
Personal name राघव प्रकाश
245 ## - TITLE STATEMENT
Title चयनित हिंदी निबंध /
Statement of responsibility, etc राघव प्रकाश
246 ## - VARYING FORM OF TITLE
Title proper/short title Chayanit Hindi Nibandh
Remainder of title by Raghava Prakash
250 ## - EDITION STATEMENT
Edition statement 4था संस्क.
260 ## - PUBLICATION, DISTRIBUTION, ETC. (IMPRINT)
Place of publication, distribution, etc जयपुर
Name of publisher, distributor, etc पिंक सिटी पब्लिशर्स
Date of publication, distribution, etc 2004
270 ## - ADDRESS
Address राम भवन, चौड़ा रास्ता
City जयपुर
Postal code 302003
300 ## - PHYSICAL DESCRIPTION
Extent 280पृ
Dimensions 22सेमी (सजिल्द)
650 ## - SUBJECT ADDED ENTRY--TOPICAL TERM
Topical term or geographic name as entry element हिन्दी निबंध
650 ## - SUBJECT ADDED ENTRY--TOPICAL TERM
Topical term or geographic name as entry element Hindi Essay
700 ## - ADDED ENTRY--PERSONAL NAME
9 (RLIN) 7228
700 ## - ADDED ENTRY--PERSONAL NAME
9 (RLIN) 7267
942 ## - ADDED ENTRY ELEMENTS (KOHA)
Institution code [OBSOLETE] dpl
Item type Hindi Books
Call number prefix
Source of classification or shelving scheme Dewey Decimal Classification
Call number suffix राघव
Classification part 808.84
Holdings
Withdrawn status Lost status Not for loan Collection code Home library Current library Date acquired Source of acquisition Cost, normal purchase price Full call number Barcode Copy number Cost, replacement price Koha item type
    Not For Loan Non-fiction D.B.Act.Division D.B.Act.Division 06/08/2010 DBAD/PUB 150.00 808.84 प्रकाश HN-62360 1 150.00 Hindi Books

© Delhi Public Library
Hit Counter
free hit counter